| 000 | 00571nam a2200157Ia 4500 | ||
|---|---|---|---|
| 008 | 230917s9999||||xx |||||||||||||| ||und|| | ||
| 040 |
_e79272 _aMAIN |
||
| 041 | _aEnglish | ||
| 082 | _a343.0944 C393B | ||
| 100 | _aChaudhuri, B N | ||
| 245 | 0 | _aVehicles act, 1988: 59 of 1988 B N Chaudhury's the motor with central rules, central notification, state amendments and state accident claims tribunals rules along with comparative chart of old and new acts and rice versa | |
| 250 | _a8th ed. | ||
| 260 |
_aAllahabad _bLaw _c1990 |
||
| 300 | _axciii, 1266 p. | ||
| 942 | _cBK | ||
| 999 |
_c67733 _d67733 |
||